[Event "Muensterland Regionalliga 1920"]
[Site "Germany"]
[Date "2019.11.30"]
[Round "4.7"]
[White "Stanik, Hans"]
[Black "Rothkegel, Juergen"]
[Result "1-0"]
[WhiteElo "2037"]
[BlackElo "1864"]
[PlyCount "95"]
[EventDate "2019.09.07"]
[EventType "team-tourn"]
[EventRounds "7"]
[EventCountry "GER"]
[SourceTitle "EXT 2023"]
[Source "ChessBase"]
[SourceDate "2022.10.05"]
[SourceVersion "1"]
[SourceVersionDate "2022.10.05"]
[SourceQuality "1"]
[WhiteTeam "Bocholt"]
[BlackTeam "Gronau"]
[WhiteTeamCountry "GER"]
[BlackTeamCountry "GER"]

1. e4 c5 2. d3 Nc6 3. g3 g6 4. Bg2 Bg7 5. f4 e6 6. Nf3 d5 7. e5 Nh6 8. c3 Nf5 9. Na3 a6 10. Nc2 b5 11. Qe2 Bb7 12. Bd2 h5 13. Ne3 Nce7 14. d4 c4 15. Bh3 Nxe3 16. Bxe3 Nf5 17. Bxf5 gxf5 18. h3 Qe7 19. Bd2 Bc6 20. Rg1 a5 21. a3 Bf8 22. Ng5 Qb7 23. g4 hxg4 24. hxg4 fxg4 25. Qxg4 Qd7 26. Rf1 0-0-0 27. f5 exf5 28. Qxf5 Qxf5 29. Rxf5 Rh1+ 30. Rf1 Rxf1+ 31. Kxf1 Be8 32. Kg2 Be7 33. Rf1 Bxg5 34. Bxg5 Rd7 35. Kg3 Rc7 36. Rh1 Rc6 37. Rh8 Kd7 38. Kg4 a4 39. Kf5 Re6 40. Bf6 Rc6 41. Kg5 Re6 42. Kh6 Rc6 43. Kg7 Re6 44. Kf8 Rc6 45. Rh6 Rb6 46. Bg5 Re6 47. Rf6 b4 48. axb4 1-0

[Event "Muensterland Regionalliga 1415"]
[Site "Germany"]
[Date "2015.04.25"]
[Round "8.4"]
[White "Althoff, Ralph"]
[Black "Stanik, Hans"]
[Result "1/2-1/2"]
[WhiteElo "1965"]
[BlackElo "2031"]
[PlyCount "88"]
[EventDate "2014.09.20"]
[EventType "team-tourn"]
[EventRounds "9"]
[EventCountry "GER"]
[SourceTitle "EXT 2016"]
[Source "ChessBase"]
[SourceDate "2015.10.08"]
[SourceVersion "1"]
[SourceVersionDate "2015.10.08"]
[SourceQuality "1"]
[WhiteTeam "Olfen"]
[BlackTeam "Bocholt"]
[WhiteTeamCountry "GER"]
[BlackTeamCountry "GER"]

1. e4 Nc6 2. Nf3 d6 3. d4 Nf6 4. Nc3 Bg4 5. Be3 e6 6. h3 Bh5 7. Be2 Be7 8. Qd2 Bg6 9. Bd3 d5 10. e5 Nd7 11. 0-0 Nb6 12. b3 Bxd3 13. Qxd3 a5 14. Nh2 Nd7 15. f4 g6 16. a3 h5 17. f5 gxf5 18. Nxd5 Ndxe5 19. dxe5 Qxd5 20. Qxd5 exd5 21. Rxf5 Nd8 22. Nf3 Ne6 23. Ng5 Nxg5 24. Bxg5 Bxg5 25. Rxg5 Ke7 26. Rf1 Rh6 27. h4 Rah8 28. Rff5 c6 29. Kf2 Ke6 30. Kf3 f6 31. Rxf6+ Rxf6+ 32. exf6 Kxf6 33. Kf4 Rh7 34. c4 a4 35. cxd5 axb3 36. Rg3 Rg7 37. Rxb3 Rxg2 38. Rxb7 Rg4+ 39. Kf3 cxd5 40. Rb6+ Ke5 41. Rb4 Rg7 42. a4 Rc7 43. Ke3 Rc3+ 44. Kd2 Rc5 1/2-1/2

[Event "Muensterland Regionalliga 1415"]
[Site "Germany"]
[Date "2015.02.21"]
[Round "6.3"]
[White "Stanik, Hans"]
[Black "Engels, Natia"]
[Result "1-0"]
[WhiteElo "2031"]
[BlackElo "2011"]
[PlyCount "121"]
[EventDate "2014.09.20"]
[EventType "team-tourn"]
[EventRounds "9"]
[EventCountry "GER"]
[SourceTitle "EXT 2016"]
[Source "ChessBase"]
[SourceDate "2015.10.08"]
[SourceVersion "1"]
[SourceVersionDate "2015.10.08"]
[SourceQuality "1"]
[WhiteTeam "Bocholt"]
[BlackTeam "Steinfurt"]
[WhiteTeamCountry "GER"]
[BlackTeamCountry "GER"]

1. e4 c5 2. Nc3 Nc6 3. g3 g6 4. Bg2 Bg7 5. d3 Nf6 6. Be3 d6 7. h3 Bd7 8. Qd2 Qa5 9. Nge2 b5 10. 0-0 0-0 11. Bh6 e5 12. Bxg7 Kxg7 13. f4 b4 14. Nd1 c4 15. Ne3 cxd3 16. cxd3 exf4 17. Nxf4 Qe5 18. Qf2 Ne8 19. Rac1 Rb8 20. Rc4 Na5 21. d4 Qb5 22. Rcc1 Nf6 23. Ne2 Ng8 24. g4 Rbc8 25. Rxc8 Bxc8 26. b3 Bb7 27. d5 Qb6 28. Nd4 Bc8 29. Ne6+ Bxe6 30. dxe6 f6 31. Nd5 Qxf2+ 32. Rxf2 Re8 33. Rc2 Ne7 34. Nxb4 Kh6 35. Rc7 Kg5 36. Rxa7 Nec6 37. Nxc6 Nxc6 38. Ra6 Nd4 39. Rxd6 Nxe6 40. Kf2 Nf4 41. Kf3 Nxg2 42. Kxg2 Rxe4 43. Kf3 f5 44. gxf5 gxf5 45. Rc6 Rd4 46. Rc3 Kf6 47. a4 Rh4 48. Kg3 Rb4 49. a5 Rb5 50. a6 Ra5 51. Rc6+ Ke5 52. b4 Ra3+ 53. Kf2 Ra2+ 54. Ke3 f4+ 55. Kf3 Ra3+ 56. Kg4 Rg3+ 57. Kh4 Rg7 58. b5 Kd5 59. Rf6 Kc5 60. b6 f3 61. b7 1-0

[Event "Muensterland Regionalliga 1314"]
[Site "Germany"]
[Date "2014.03.15"]
[Round "7.4"]
[White "Borrink, Joern"]
[Black "Stanik, Hans"]
[Result "1-0"]
[WhiteElo "2095"]
[BlackElo "2038"]
[PlyCount "81"]
[EventDate "2013.09.07"]
[EventType "team-tourn"]
[EventRounds "9"]
[EventCountry "GER"]
[SourceTitle "EXT 2015"]
[Source "ChessBase"]
[SourceDate "2014.11.20"]
[SourceVersion "1"]
[SourceVersionDate "2014.11.20"]
[SourceQuality "1"]
[WhiteTeam "Muenster SK II"]
[BlackTeam "Bocholt"]
[WhiteTeamCountry "GER"]
[BlackTeamCountry "GER"]

1. e4 d6 2. d4 Nf6 3. Nc3 c6 4. h3 Qa5 5. Bd3 e5 6. Nf3 Nbd7 7. 0-0 Be7 8. a3 0-0 9. Re1 b5 10. Be3 a6 11. Ne2 Qc7 12. Ng3 g6 13. c3 c5 14. Rc1 Bb7 15. Bb1 Nb6 16. Bh6 Rfe8 17. d5 Nc4 18. Qe2 Bf8 19. Bg5 Bg7 20. Rcd1 h6 21. Bc1 Kh7 22. Nh2 Qe7 23. a4 Reb8 24. Bd3 Bc8 25. Bxc4 bxc4 26. Qxc4 Bd7 27. Nhf1 Rb6 28. Nd2 Rab8 29. b3 h5 30. Ngf1 h4 31. Qd3 Nh5 32. Qf3 Nf4 33. Ba3 Qg5 34. Kh2 Rxb3 35. Nxb3 Rxb3 36. Bc1 Bxa4 37. Bxf4 exf4 38. Rc1 Qe5 39. Qg4 Bf6 40. Nd2 Rb2 41. Nc4 1-0

[Event "Muensterland Regionalliga 1314"]
[Site "Germany"]
[Date "2014.02.01"]
[Round "6.4"]
[White "Stanik, Hans"]
[Black "Steffens, Gerd"]
[Result "1-0"]
[WhiteElo "2038"]
[BlackElo "1855"]
[PlyCount "83"]
[EventDate "2013.09.07"]
[EventType "team-tourn"]
[EventRounds "9"]
[EventCountry "GER"]
[SourceTitle "EXT 2015"]
[Source "ChessBase"]
[SourceDate "2014.11.20"]
[SourceVersion "1"]
[SourceVersionDate "2014.11.20"]
[SourceQuality "1"]
[WhiteTeam "Bocholt"]
[BlackTeam "Olfen"]
[WhiteTeamCountry "GER"]
[BlackTeamCountry "GER"]

1. d3 e6 2. e4 b6 3. Nf3 Bb7 4. Be2 d5 5. e5 d4 6. c3 c5 7. 0-0 Nc6 8. Bf4 Nge7 9. Re1 Ng6 10. Bg3 Be7 11. Nbd2 0-0 12. c4 Qc7 13. Bf1 Rad8 14. h4 Rfe8 15. h5 Nf8 16. Nh2 Rd7 17. Ng4 Qd8 18. Ne4 Nb4 19. h6 Bxe4 20. Rxe4 Ng6 21. hxg7 Kxg7 22. Qd2 Rh8 23. Qh6+ Kg8 24. Nf6+ Bxf6 25. exf6 Qf8 26. Qh5 h6 27. Rxe6 Kh7 28. Re4 Qd8 29. a3 Nc6 30. Qf5 Re8 31. Rae1 Rxe4 32. Rxe4 Qc8 33. Be2 Rd8 34. Qh5 Re8 35. Bf3 Rxe4 36. Bxe4 Qe6 37. Bf4 Qxf6 38. Qxh6+ Kg8 39. Bg5 Qd6 40. f4 Nce7 41. f5 Qg3 42. fxg6 1-0

[Event "Muensterland Regionalliga 1314"]
[Site "Germany"]
[Date "2013.12.07"]
[Round "4.4"]
[White "Stanik, Hans"]
[Black "Langhanke, Guenther"]
[Result "1/2-1/2"]
[WhiteElo "2038"]
[BlackElo "2035"]
[PlyCount "38"]
[EventDate "2013.09.07"]
[EventType "team-tourn"]
[EventRounds "9"]
[EventCountry "GER"]
[SourceTitle "EXT 2015"]
[Source "ChessBase"]
[SourceDate "2014.11.20"]
[SourceVersion "1"]
[SourceVersionDate "2014.11.20"]
[SourceQuality "1"]
[WhiteTeam "Bocholt"]
[BlackTeam "Rheine Klein Berlin"]
[WhiteTeamCountry "GER"]
[BlackTeamCountry "GER"]

1. e4 c5 2. d3 Nc6 3. g3 g6 4. Bg2 Bg7 5. f4 d6 6. Nf3 e6 7. 0-0 Nge7 8. c3 0-0 9. a4 b6 10. Na3 Bb7 11. Nh4 f5 12. Nf3 h6 13. Re1 d5 14. e5 Qd7 15. Rb1 Rfd8 16. Bd2 Ba6 17. Bf1 d4 18. c4 Bb7 19. Bg2 a5 1/2-1/2

[Event "Muensterland Verbandsliga 1011"]
[Site "Germany"]
[Date "2011.02.26"]
[Round "7.2"]
[White "Ringwelski, Marius"]
[Black "Stanik, Hans"]
[Result "0-1"]
[WhiteElo "2030"]
[BlackElo "2067"]
[PlyCount "76"]
[EventDate "2010.09.25"]
[EventType "team-tourn"]
[EventRounds "9"]
[EventCountry "GER"]
[SourceTitle "EXT 2012"]
[Source "ChessBase"]
[SourceDate "2011.11.24"]
[SourceVersion "1"]
[SourceVersionDate "2011.11.24"]
[SourceQuality "1"]
[WhiteTeam "Sendenhorst"]
[BlackTeam "Bocholt"]
[WhiteTeamCountry "GER"]
[BlackTeamCountry "GER"]

1. d4 e6 2. e4 d5 3. Nc3 Bb4 4. e5 Ne7 5. a3 Bxc3+ 6. bxc3 b6 7. h4 Ba6 8. h5 Bxf1 9. Kxf1 h6 10. Ne2 Qd7 11. Qd3 Nbc6 12. c4 dxc4 13. Qxc4 Na5 14. Qa6 Qc6 15. Bd2 Qc4 16. Qxc4 Nxc4 17. Bc1 Nd5 18. Rb1 0-0 19. Rb3 Rac8 20. Rg3 Kh7 21. Rh4 c5 22. Rhg4 Rg8 23. c3 cxd4 24. cxd4 Na5 25. Bd2 Nc4 26. Ke1 b5 27. Rb3 a6 28. Nc1 Nxd2 29. Kxd2 Rc4 30. Nd3 Rgc8 31. Ne1 Ne7 32. Rf4 Nf5 33. Rd3 Rd8 34. g4 Rdxd4 35. Rfxd4 Nxd4 36. Ke3 Nc6 37. f4 Ne7 38. Nf3 Nd5+ 0-1

[Event "Muensterland Verbandsliga 1011"]
[Site "Germany"]
[Date "2011.02.05"]
[Round "6.2"]
[White "Stanik, Hans"]
[Black "Berger, Alfred Josef"]
[Result "1/2-1/2"]
[WhiteElo "2067"]
[BlackElo "1849"]
[PlyCount "50"]
[EventDate "2010.09.25"]
[EventType "team-tourn"]
[EventRounds "9"]
[EventCountry "GER"]
[SourceTitle "EXT 2012"]
[Source "ChessBase"]
[SourceDate "2011.11.24"]
[SourceVersion "1"]
[SourceVersionDate "2011.11.24"]
[SourceQuality "1"]
[WhiteTeam "Bocholt"]
[BlackTeam "Heiden"]
[WhiteTeamCountry "GER"]
[BlackTeamCountry "GER"]

1. e4 e6 2. Qe2 c5 3. d3 Nc6 4. Nf3 Nd4 5. Nxd4 cxd4 6. g3 Qc7 7. c3 dxc3 8. Nxc3 Bb4 9. Bd2 Ne7 10. a3 Bxc3 11. Bxc3 0-0 12. Bg2 d5 13. 0-0 b6 14. Rac1 Qd7 15. Bb4 Re8 16. Bxe7 Rxe7 17. exd5 exd5 18. Qf3 Ba6 19. Qxd5 Qxd5 20. Bxd5 Rd8 21. Be4 g6 22. Rfe1 Red7 23. g4 Bxd3 24. Bxd3 Rxd3 25. Rc7 R8d7 1/2-1/2

[Event "Muensterland Verbandsliga 0809"]
[Site "Germany"]
[Date "2009.02.28"]
[Round "7.2"]
[White "Stanik, Hans"]
[Black "Haselhorst, Helmut"]
[Result "1/2-1/2"]
[WhiteElo "2052"]
[BlackElo "2165"]
[PlyCount "127"]
[EventDate "2008.09.20"]
[EventType "team-tourn"]
[EventRounds "9"]
[EventCountry "GER"]
[SourceTitle "EXT 2010"]
[Source "ChessBase"]
[SourceDate "2010.11.25"]
[SourceVersion "1"]
[SourceVersionDate "2010.11.25"]
[SourceQuality "1"]
[WhiteTeam "Bocholt"]
[BlackTeam "Westbevern"]
[WhiteTeamCountry "GER"]
[BlackTeamCountry "GER"]

1. e4 Nf6 2. Nc3 e5 3. Nf3 Nc6 4. g3 Bb4 5. d3 0-0 6. Bg2 d5 7. exd5 Nxd5 8. Bd2 Bg4 9. h3 Bh5 10. Nxd5 Bxd2+ 11. Qxd2 Qxd5 12. g4 Nd4 13. Nh4 Qd8 14. Nf3 Qd5 15. Nh4 Qd8 16. Nf3 Bg6 17. Nxd4 Qxd4 18. 0-0-0 f5 19. g5 Bf7 20. Kb1 a5 21. Qe3 Qd6 22. d4 e4 23. Bf1 f4 24. Qc3 b5 25. Qc5 Qxc5 26. dxc5 c6 27. h4 Rad8 28. Bh3 Rd5 29. Rxd5 Bxd5 30. Re1 f3 31. Kc1 Rf4 32. Kd2 Rxh4 33. Bd7 Rh2 34. Ke3 Rg2 35. a4 b4 36. c4 bxc3 37. bxc3 Rxg5 38. Rb1 h5 39. c4 Bxc4 40. Bxc6 Rxc5 41. Bxe4 Be2 42. Bg6 Kf8 43. Rh1 Rc4 44. Bxh5 Rxa4 45. Bxf3 Bxf3 46. Rh8+ Kf7 47. Kxf3 Ra1 48. Ra8 a4 49. Ra7+ Kg6 50. Ra6+ Kh5 51. Ra5+ Kh6 52. Ra6+ g6 53. Ra5 a3 54. Ra6 a2 55. Ra5 g5 56. Ra8 g4+ 57. Kg2 Kg5 58. Ra5+ Kf4 59. Ra8 Ke4 60. Re8+ Kd5 61. Rd8+ Kc6 62. Ra8 Kb7 63. Ra4 Kb6 64. Ra8 1/2-1/2

[Event "Muensterland Verbandsliga 0708"]
[Site "Germany"]
[Date "2008.04.05"]
[Round "8.2"]
[White "Stanik, Hans"]
[Black "Althoff, Franz"]
[Result "1-0"]
[WhiteElo "2052"]
[BlackElo "2149"]
[PlyCount "107"]
[EventDate "2007.09.08"]
[EventType "team"]
[EventRounds "9"]
[EventCountry "GER"]
[SourceTitle "EXT 2009"]
[Source "ChessBase"]
[SourceDate "2008.11.26"]
[SourceVersion "1"]
[SourceVersionDate "2008.11.26"]
[SourceQuality "1"]
[WhiteTeam "Bocholt"]
[BlackTeam "Westbevern"]
[WhiteTeamCountry "GER"]
[BlackTeamCountry "GER"]

1. e4 c5 2. Nc3 Nc6 3. g3 d6 4. Bg2 g6 5. d3 Bg7 6. Be3 e5 7. Qd2 Nge7 8. h4 h5 9. Nh3 Nd4 10. f4 Bg4 11. 0-0 Qd7 12. Kh2 f6 13. Rae1 0-0-0 14. Nd1 Ne6 15. b4 Nc6 16. a3 Kb8 17. Nc3 Ned4 18. Nd5 exf4 19. Bxf4 g5 20. hxg5 h4 21. gxf6 hxg3+ 22. Kg1 Bxh3 23. fxg7 Qxg7 24. bxc5 Bxg2 25. Qxg2 Rdg8 26. Bxd6+ Kc8 27. Re3 Rh2 28. Qxg3 Rh3 29. Qxg7 Rxg7+ 30. Kf2 Rxe3 31. Nxe3 Kd7 32. Rh1 Rf7+ 33. Kg2 b6 34. Nc4 Nxc2 35. cxb6 axb6 36. a4 Rg7+ 37. Bg3 N6b4 38. Nxb6+ Kc6 39. Rh6+ Kb7 40. Rd6 Ne1+ 41. Kf1 Rxg3 42. Kxe1 Nxd3+ 43. Ke2 Nc5 44. e5 Rg5 45. Nc4 Rg4 46. Na5+ Ka7 47. Nc6+ Kb6 48. a5+ Kb5 49. Kf3 Rg1 50. Kf4 Rf1+ 51. Kg4 Rc1 52. Nd4+ Kxa5 53. e6 Nxe6 54. Nb3+ 1-0

[Event "Muensterland Verbandsliga 0708"]
[Site "Germany"]
[Date "2008.01.12"]
[Round "5.2"]
[White "Kipp, Lucas"]
[Black "Stanik, Hans"]
[Result "0-1"]
[WhiteElo "2009"]
[BlackElo "2052"]
[PlyCount "84"]
[EventDate "2007.09.08"]
[EventType "team"]
[EventRounds "9"]
[EventCountry "GER"]
[SourceTitle "EXT 2009"]
[Source "ChessBase"]
[SourceDate "2008.11.26"]
[SourceVersion "1"]
[SourceVersionDate "2008.11.26"]
[SourceQuality "1"]
[WhiteTeam "Saerbeck"]
[BlackTeam "Bocholt"]
[WhiteTeamCountry "GER"]
[BlackTeamCountry "GER"]

1. d4 d6 2. e4 Nf6 3. Nc3 c6 4. Be3 Qa5 5. f3 e5 6. Qd2 Be7 7. Nge2 0-0 8. 0-0-0 b5 9. a3 Na6 10. Kb1 b4 11. Na2 c5 12. d5 Qa4 13. axb4 Nxb4 14. Nxb4 cxb4 15. Nc1 a5 16. Bd3 Qd7 17. Qe2 Qc7 18. Rhf1 Nd7 19. Qf2 a4 20. Qe1 Rb8 21. Rf2 Nc5 22. Bxc5 Qxc5 23. Re2 Bg5 24. h4 Bxc1 25. Rxc1 Bd7 26. Qf2 Qc7 27. h5 a3 28. Qe1 axb2 29. Kxb2 Qc5 30. Rb1 Rfc8 31. Qd2 Qd4+ 32. Kc1 b3 33. h6 b2+ 34. Kd1 Ra8 35. Qg5 Kf8 36. Qxg7+ Ke7 37. Qg5+ f6 38. Qg7+ Kd8 39. Qxf6+ Kc7 40. Kd2 Ra1 41. Ree1 Qf2+ 42. Be2 Qxe1+ 0-1

[Event "Muensterland Verbandsliga 0708"]
[Site "Germany"]
[Date "2007.09.08"]
[Round "1.2"]
[White "Gscheidmeyer, Hans Jochen"]
[Black "Stanik, Hans"]
[Result "1-0"]
[WhiteElo "2172"]
[BlackElo "2052"]
[PlyCount "49"]
[EventDate "2007.09.08"]
[EventType "team"]
[EventRounds "9"]
[EventCountry "GER"]
[SourceTitle "EXT 2009"]
[Source "ChessBase"]
[SourceDate "2008.11.26"]
[SourceVersion "1"]
[SourceVersionDate "2008.11.26"]
[SourceQuality "1"]
[WhiteTeam "Heiden"]
[BlackTeam "Bocholt"]
[WhiteTeamCountry "GER"]
[BlackTeamCountry "GER"]

1. Nf3 d6 2. d4 Bg4 3. Qd3 c6 4. g3 Nf6 5. Bg2 Nbd7 6. h3 Bh5 7. e4 e5 8. c3 Be7 9. 0-0 0-0 10. Nbd2 Qc7 11. Nh4 Rfe8 12. g4 Bg6 13. Nxg6 hxg6 14. f4 exf4 15. Nf3 d5 16. e5 Ne4 17. Bxf4 Qb6 18. b4 a5 19. a3 Ra7 20. e6 fxe6 21. Ne5 Nxe5 22. Bxe5 Bf6 23. Bxe4 Bxe5 24. Bxg6 Re7 25. Bh7+ 1-0

[Event "Muensterland Verbandsliga 0607"]
[Site "Germany"]
[Date "2006.10.28"]
[Round "2.2"]
[White "Stanik, Hans"]
[Black "Kempe, Frank"]
[Result "1/2-1/2"]
[WhiteElo "2040"]
[BlackElo "2068"]
[PlyCount "97"]
[EventDate "2006.09.16"]
[EventType "team"]
[EventRounds "9"]
[EventCountry "GER"]
[SourceTitle "EXT 2008"]
[Source "ChessBase"]
[SourceDate "2007.11.25"]
[SourceVersion "1"]
[SourceVersionDate "2007.11.25"]
[SourceQuality "1"]
[WhiteTeam "Bocholt"]
[BlackTeam "Suedlohn"]
[WhiteTeamCountry "GER"]
[BlackTeamCountry "GER"]

1. d4 e6 2. Nf3 c5 3. c3 Nf6 4. g3 b6 5. Bg2 Bb7 6. 0-0 d5 7. a3 Nbd7 8. b4 cxb4 9. cxb4 Bd6 10. Bb2 Qc7 11. Nbd2 0-0 12. Rc1 Qb8 13. Ne1 a5 14. b5 a4 15. Nb1 Ra5 16. Nc3 Ne4 17. Qd3 e5 18. Nxe4 dxe4 19. Bxe4 Bxe4 20. Qxe4 Rxb5 21. Nd3 Qa8 22. Qf5 Qb7 23. dxe5 g6 24. Qf4 Rxb2 25. Nxb2 Bxe5 26. Qb4 Bxb2 27. Qxb2 Qa6 28. Rc6 Re8 29. Rc2 Ne5 30. Rfc1 h5 31. h4 Kh7 32. Rc7 Kg8 33. R1c2 b5 34. Qd4 Qf6 35. Qe4 Re6 36. Rc8+ Kg7 37. Qf4 Qxf4 38. gxf4 Nc4 39. Ra2 Rd6 40. Rc5 Rd1+ 41. Kg2 Rb1 42. Rd5 Rb3 43. Rd3 Kf6 44. Kf3 Kf5 45. e4+ Ke6 46. Ke2 Rb1 47. Rd1 Rb3 48. Rd3 Rb1 49. Rd1 1/2-1/2

[Event "Muensterland Verbandsliga 0405"]
[Site "Muensterland"]
[Date "2005.04.16"]
[Round "8.2"]
[White "Stanik, Hans"]
[Black "Langhanke, Guenther"]
[Result "1-0"]
[WhiteElo "2054"]
[BlackElo "1979"]
[PlyCount "73"]
[EventDate "2004.09.18"]
[EventType "team"]
[EventRounds "9"]
[EventCountry "GER"]
[SourceTitle "EXT 2006"]
[Source "ChessBase"]
[SourceDate "2005.11.24"]
[SourceVersion "1"]
[SourceVersionDate "2005.11.24"]
[SourceQuality "1"]
[WhiteTeam "Bocholt"]
[BlackTeam "Rheine Klein Berlin"]
[WhiteTeamCountry "GER"]
[BlackTeamCountry "GER"]

1. d4 Nf6 2. Nf3 e6 3. e3 d5 4. Bd3 c5 5. c3 Nc6 6. Nbd2 Be7 7. 0-0 0-0 8. Qe2 cxd4 9. exd4 Re8 10. Ne5 Nxe5 11. dxe5 Nd7 12. Nb3 Nc5 13. Nxc5 Bxc5 14. Be3 Bxe3 15. Qxe3 Bd7 16. Qh3 h6 17. Qe3 Qe7 18. Rfd1 Rec8 19. Bc2 Rc4 20. Rd4 Rxd4 21. Qxd4 b6 22. Qd3 g6 23. Qe3 Kg7 24. Rd1 Rc8 25. Bb3 Qg5 26. f4 Qe7 27. Kh1 Qc5 28. Qg3 Qe7 29. h3 Bb5 30. Bc2 Bd7 31. Bd3 Rf8 32. Bc2 f5 33. exf6+ Qxf6 34. f5 exf5 35. Rxd5 Be6 36. Rd6 Qf7 37. Qe5+ 1-0

[Event "Muensterland Verbandsliga 0405"]
[Site "Muensterland"]
[Date "2004.12.04"]
[Round "4.2"]
[White "Stanik, Hans"]
[Black "Richter, Juergen"]
[Result "1/2-1/2"]
[WhiteElo "2054"]
[BlackElo "1983"]
[PlyCount "32"]
[EventDate "2004.09.18"]
[EventType "team"]
[EventRounds "9"]
[EventCountry "GER"]
[SourceTitle "EXT 2006"]
[Source "ChessBase"]
[SourceDate "2005.11.24"]
[SourceVersion "1"]
[SourceVersionDate "2005.11.24"]
[SourceQuality "1"]
[WhiteTeam "Bocholt"]
[BlackTeam "Ibbenbueren"]
[WhiteTeamCountry "GER"]
[BlackTeamCountry "GER"]

1. d4 d6 2. Nf3 Nd7 3. e4 e5 4. Nc3 Ngf6 5. Bc4 Be7 6. 0-0 0-0 7. a4 c6 8. dxe5 dxe5 9. Qe2 Qc7 10. Bg5 Nc5 11. h3 Ne6 12. Bxe6 Bxe6 13. Rfd1 Rfd8 14. Rxd8+ Rxd8 15. Rd1 Rxd1+ 16. Nxd1 Qd6 1/2-1/2

[Event "Muensterland Verbandsliga 0304"]
[Site "Germany"]
[Date "2004.01.10"]
[Round "5.2"]
[White "Stanik, Hans"]
[Black "Henneberger, Sven"]
[Result "1/2-1/2"]
[WhiteElo "2027"]
[BlackElo "2116"]
[PlyCount "100"]
[EventDate "2003.09.27"]
[EventType "team"]
[EventRounds "9"]
[EventCountry "GER"]
[SourceTitle "EXT 2005"]
[Source "ChessBase"]
[SourceDate "2004.11.15"]
[SourceVersion "1"]
[SourceVersionDate "2004.11.15"]
[SourceQuality "1"]
[WhiteTeam "Bocholt"]
[BlackTeam "Rheine Klein Berlin"]
[WhiteTeamCountry "GER"]
[BlackTeamCountry "GER"]

1. d4 Nf6 2. Nf3 c5 3. e3 g6 4. c3 Qc7 5. Bd3 Bg7 6. Nbd2 0-0 7. 0-0 d6 8. e4 Nc6 9. d5 Nb8 10. Re1 Nbd7 11. a4 e5 12. dxe6 fxe6 13. Ng5 Ne5 14. Be2 d5 15. f4 Nf7 16. e5 Ne8 17. Ngf3 Nh6 18. Nf1 Qe7 19. Bd2 Nc7 20. h3 b6 21. g4 Bb7 22. Ng3 d4 23. c4 b5 24. axb5 a6 25. b6 Ne8 26. Bd3 Nf7 27. Ne4 Rb8 28. g5 Bxe4 29. Bxe4 Rxb6 30. Qc2 Nc7 31. Ba5 Rbb8 32. Rf1 Nd8 33. Bd2 Qd7 34. Ne1 Nc6 35. Nd3 Nb4 36. Bxb4 cxb4 37. b3 Rb6 38. Ra4 Rfb8 39. Rfa1 Bf8 40. h4 Rc8 41. Qe2 Qf7 42. Kg2 Be7 43. Qf3 Rf8 44. Kg3 Rd8 45. R4a2 Bf8 46. Rh1 Nd5 47. cxd5 exd5 48. Rc1 dxe4 49. Qxe4 Qxb3 50. Rac2 Qe6 1/2-1/2

[Event "Muensterland Verbandsliga 0203"]
[Site "Muensterland"]
[Date "2002.12.07"]
[Round "4.3"]
[White "Althoff, Franz"]
[Black "Stanik, Hans"]
[Result "1/2-1/2"]
[WhiteElo "2141"]
[BlackElo "1991"]
[PlyCount "82"]
[EventDate "2002.09.21"]
[EventType "team"]
[EventRounds "9"]
[EventCountry "GER"]
[SourceTitle "EXT 2004"]
[Source "ChessBase"]
[SourceDate "2003.11.25"]
[SourceVersion "1"]
[SourceVersionDate "2003.11.25"]
[SourceQuality "1"]
[WhiteTeam "Westbevern"]
[BlackTeam "Bocholt"]
[WhiteTeamCountry "GER"]
[BlackTeamCountry "GER"]

1. d4 d5 2. c4 e6 3. Nc3 Nf6 4. Bg5 Be7 5. e3 0-0 6. Nf3 Nbd7 7. Rc1 a6 8. Bd3 dxc4 9. Bxc4 b5 10. Bd3 Bb7 11. 0-0 c5 12. Bxf6 Bxf6 13. Be4 Bxe4 14. Nxe4 cxd4 15. Nxd4 Nb6 16. Nc6 Qxd1 17. Nxf6+ gxf6 18. Rfxd1 Kg7 19. e4 Rfc8 20. b3 Rc7 21. Nd4 Rxc1 22. Rxc1 Rd8 23. Nf3 Rd6 24. Kf1 Nd7 25. Ke2 Ne5 26. Rc3 Nxf3 27. Rxf3 Rd4 28. Rg3+ Kf8 29. Re3 Ke7 30. f3 Kd6 31. Rc3 Kd7 32. Rc5 e5 33. Ke3 Rd1 34. f4 exf4+ 35. Kxf4 Rf1+ 36. Ke3 Ra1 37. Rc2 Kd6 38. Rf2 Ke5 39. Kd3 Rd1+ 40. Ke2 Ra1 41. Kd3 Rd1+ 1/2-1/2